000
00299nam a2200121Ia 4500
008
220204s9999 xx 000 0 und d
082
_a
065
_b
DYE
100
_a
Dyer, Frederick C
245
0
_a
Enjoyment of management
260
_a
Bombay
_b
Taraporevala
_c
1972
700
_a
Dyer, John M
942
_c
BK
999
_c
30348
_d
30348